00646nam a2200181 i 4500001000700000003000900007005001700016007000300033008004100036100002500077245012700102260008000229300002000309490003200329650004800361830003200409852002300441130210ES-MaACL20230906193654.0t|070723s1847 it ||||1| ita d1 aZinardini, Guiseppe.10aTesoro dei novellieri italiani scelli dal decimoterzo al decimonono secolo / ce publicati per cura di Giuseppe Zirardini. aParigi : bBaudry, Libreria Europea, c1847 (fDalla stamperia di Crapelet) a2 v. ; c21 cm.1 aBiblioteca scelta ; v15-16 4aLiteratura italiana-xHistoria y crítica.0 aBiblioteca scelta ; v15-16 aES-MaACLjC-3247-8